000 01379nam a2200301 a 4500
001 18931599
008 190128s2016 ||||||||||||||||| || u
010 _a2016000880
020 _a9781292086118
050 _aHF 5437 Lys
100 _aFarrington, Brian
245 1 0 _aProcurement and supply chain management. (9th ed)
_cby Kenneth Lysons and Brian Farrington
250 _aNinth Edition.
260 _aBoston
_bPearson
_c2016
300 _axx, 671 pages
337 _aunmediated
338 _avolume
_2rdacarrier
350 _a97.21
500 _aIncludes indexes.
650 0 _aBUSINESS--LOGISTICS
650 0 _aPURCHASING
700 _aLysons, Kenneth
995 _aMAIN LIBRARY OPEN ACCESS
_e748767
_FCBU-MAIN LIBRARY (Kitwe)
_I97.21
_jHF 5437 Lys
_M2
_UAVAILABLE
_WJan 28, 2019
_y748767
_ZMain Library Open Access Collection
995 _aMAIN LIBRARY OPEN ACCESS
_e748766
_FCBU-MAIN LIBRARY (Kitwe)
_I97.21
_jHF 5437 Lys
_M1
_UAVAILABLE
_WJan 28, 2019
_y748766
_ZMain Library Open Access Collection
995 _aANNEX COLLECTION (Main Library)
_e748768
_FCBU-MAIN LIBRARY (Kitwe)
_I97.21
_jHF 5437 Lys
_M3
_UAVAILABLE
_WJan 28, 2019
_y748768
_ZAnnex Low-Usage Collection
995 _aANNEX COLLECTION (Main Library)
_e748769
_FCBU-MAIN LIBRARY (Kitwe)
_I97.21
_jHF 5437 Lys
_M4
_UAVAILABLE
_WJan 28, 2019
_y748769
_ZAnnex Low-Usage Collection
999 _c77220
_d77220